| 000 | 00694nam a2200217 a 4500 | ||
|---|---|---|---|
| 001 | 000048396 | ||
| 003 | DO-SdBNP | ||
| 005 | 20211012135612.0 | ||
| 007 | ta | ||
| 008 | 190221s2017 dr ac 000 d spa d | ||
| 040 |
_aDO-SdBNP _bspa _cBNPHU |
||
| 082 | 4 |
_bF745p _222 |
|
| 100 | 1 |
_aFortunato, René, _d1958- _955460 |
|
| 245 | 1 | 0 |
_aPatricia, el regreso del sueño / _cescrita y drigida por René Fortunato ; fotografía Peyi Guzmán. |
| 260 |
_aSanto Domingo : _bAve Fénix Films, _c2017 |
||
| 300 |
_a42 p. : _bil., retrs., fot. ; _c27 cm. |
||
| 500 | _aIncluye datos biográficos del autor | ||
| 590 | _aInventariado, 2019/LP | ||
| 700 | 1 |
_aGuzmán, Peyi, _efot. _975807 |
|
| 942 |
_2ddc _cLBS1 |
||
| 999 |
_c47884 _d47884 |
||